LEADER 01319nam a2200277 i 4500 001 000000230050 003 CaOOAMICUS 005 20140526000000.0 008 140526s2013 it u000 u ita u 013 $a208952 020 $a978-88-7018-908-7 040 $aSeMil$bita 245 10$aAlla ricerca del benessere totale :$bmigranti e nuove forme di associazionismo religioso nella Diocesi di Bergamo /$ca cura di Massimo Rizzi e Claudio Visconti. 260 $aGenova :$bIl melangolo,$c2013. 300 $a139 p. ;$c21 cm. 490 0 $aMigrazioni e mutamenti ;$v6 650 4$aBergamo (Diocesi) - Storia.$0(OLS)http://semarc/subject/1539 700 1 $aVisconti, Claudio.$0(OLS)http://semarc/name/79353 700 1 $aRizzi, Massimo,$d<1968- >.$0(OLS)http://semarc/name/79352 830 0$aMigrazioni e mutamenti ;$v6.$0(OLS)http://semarc/title/40790 850 $aSeMil 852 $aSeMil$W1$xVenegono$y1$m3B I 15$j180396$B180396$CSeMilBibl$Z2$F191972 $81 961 $aOmaggio: Delpini mons. Mario 996 $6020$a978-88-7018-908-7$9(OLS)http://semarc/number/232756 996 $6245$aAlla ricerca del benessere totale :$bmigranti e nuove forme di associazionismo religioso nella Diocesi di Bergamo$9(OLS)http://semarc/title/328890 996 $6260$aGenova :$bIl melangolo$9(OLS)http://semarc/publisher/30063 LEADER 00828nam a2200229 i 4500 001 000000235432 003 CaOOAMICUS 005 20141106000000.0 008 141106n it u000 u ita u 013 $a214336 040 $aSeMil$bita 245 10$a2. 300 $a399 p. 490 0 $aBiblioteca classica economica ;$v127 500 $aFondo card. Giovanni Colombo. 773 0 $aDe Sanctis, Francesco <1817-1883>$tStoria della letteratura italiana.$dMilano : Sonzogno, [192-?]$kBiblioteca classica economica$w()30900 830 0$aBiblioteca classica economica ;$v127.$0(OLS)http://semarc/title/8379 850 $aSeMil 852 $aSeMil$W1$xVenegono$y1$m3GC II 182$j185778$B185778$CSeMilBibl$Z2$F196711 $8B 941 1 $a3 961 $aLascito: Colombo Card. Giovanni 996 $6245$a2$9(OLS)http://semarc/title/46889